Reprezentacje z top 100 rankingu FIFA - nagła śmierć - Statystyki

Ogólne statystyki
  • Ten quiz został rozwiązany 458 razy
  • Średni wynik to 7 z 14
Answers on the Grid
Answers color-coded by a green-red scale on the quiz's grid according to % correct below.
Kolumbia
Indie
Turcja
Indonezja
Kongo
Norwegia
Czad
Rumunia
Estonia
Mołdawia
Mongolia
Wenezuela
Chile
Azerbejdżan
Kostaryka
Burkina Faso
Singapur
Gruzja
San Marino
Gabon
Nowa Zelandia
Łotwa
Gambia
Zambia
Luksemburg
Wyspy Owcze
Togo
Boliwia
 
Statystyki odpowiedzi
Odpowiedź % Poprawnych
Kolumbia
90%
Turcja
85%
Norwegia
81%
Rumunia
74%
Chile
67%
Gruzja
54%
Kostaryka
47%
Wenezuela
46%
Boliwia
37%
Nowa Zelandia
35%
Burkina Faso
16%
Gabon
16%
Zambia
10%
Luksemburg
9%
Nie znaleziono quizów pasujących do podanych kryteriów
Rozkład punktacji
Procent ludzi z każdym wynikiem
Percentyl według liczby udzielonych odpowiedzi
Twoja historia wyników
Nie rozwiązałeś tego quizu